| 000 | 00681nam a2200241Ia 4500 | ||
|---|---|---|---|
| 003 | OSt | ||
| 005 | 20220925205751.0 | ||
| 006 | a|||||r|||| 00| 0 | ||
| 007 | ta | ||
| 008 | 220923b |||||||| |||| 00| 0 eng d | ||
| 020 | _a0824804147 | ||
| 037 | _cGeneral Book | ||
| 040 |
_aRTL _cRTL _beng |
||
| 041 |
_2eng _aeng |
||
| 082 | _aU43:(G:5), L6 | ||
| 100 |
_aBell Gwen Ed. _9137012 |
||
| 245 | 0 |
_aStrategies for human settlements _b Habital and envi |
|
| 260 |
_aHonolulu _bUniversity Press of Hawai _c1976 |
||
| 300 |
_axxiii, 172p _ccm. |
||
| 650 | _aLabour Market | ||
| 942 |
_hU43:(G:5), L6 _cGB _2CC |
||
| 999 |
_c553145 _d553145 |
||